00709nam a22002297a 4500003000400000005001700004008004100021020001800062040001000080082001900090100001800109245008000127260003900207300002700246490004400273500005300317653001600370653001700386653001700403700002900420700003000449OSt20220218121659.0201103b ||||| |||| 00| 0 eng d a9783319714066 cCURAJ a511.3223bM42F aMathew, Sunil aFuzzy graph theorycby Sunil Mathew, John N. Mordeson and Davender S. Malik aSwitzerlandbSpringer Naturec2018 axviii, 320p.bHardback aStudies in fuzziness and soft computing aUGC Start-Up Research Grant: Mathematics Project aGame theory aGraph theory aFuzzy graphs aMordeson, John NeEditor aMalik, Davender SeEditor